000 00650nam a2200217Ii 4500
003 JO-AjNU
008 230606s9999||||xx |||||||||||||| ||und||
020 _a978-0-13-245313-4/0-13245313-4
040 _aJO-AjNU
_beng
_erda
_cJO-AjNU
041 _aeng
050 1 4 _aTX911.3. M3.K6872 2010
100 3 _aMakensm James/john bowen ,
_eauthor
_94007
245 0 0 _aMarketing for Hospitality and Tourism
250 _a5 ed
264 3 1 _aBoston: pearson ,2010
300 _a682p
336 _atext
_btxt
_2rdacontent
337 _aunmediated
_bn
_2rdamedia
338 _avolume
_bnc
_2rdacarrier
650 4 _aMarketing for Hospitality-Tourism
_94008
999 _aE2087
_c2086
_d2086